| 000 | 01741cam a2200397 a 4500 | ||
|---|---|---|---|
| 003 | CHAP | ||
| 005 | 20220329142142.0 | ||
| 008 | 000118d1994 mx a r 00100 spa d | ||
| 010 | _a79271 | ||
| 011 | _a80243 | ||
| 022 | _a0185-2566 | ||
| 035 | _a90692 | ||
| 040 | _cCHAP | ||
| 090 | _aFolleto 15520 | ||
| 100 | 0 | 0 |
_aZamora Martínez, Marisela C. _9123526 |
| 245 | 0 |
_aHongos comestibles silvestres de la subcuenca arroyo el zorrillo, Distrito Federal _c/por Maricela C. Zamora Martínez, G. Fabiola Reygadas Prado y Joaquín Cifuentes Blanco |
|
| 260 |
_aMéxico, D. F. : _bINIFAP. División Forestal. Centro Nacional de Investigaciones Disciplinarias en Conservación y Mejoramiento de Ecosistemas Forestales, _c1994. |
||
| 300 | _a97 p. | ||
| 410 | _aINIFAP. División Forestal. Centro Nacional de Investigación Disciplinaria en Conservación y Mejoramiento de Ecosistemas Forestales | ||
| 490 | 0 |
_aPublicación especial _v; 1 |
|
| 590 |
_aBATCH-UPD _b10 _c20130110 _lUCH01 _h0457 |
||
| 590 |
_aBATCH-UPD _b10 _c20130110 _lUCH01 _h2344 |
||
| 590 |
_aBATCH-UPD _b10 _c20130410 _lUCH01 _h0134 |
||
| 590 |
_aBATCH-UPD _b10 _c20130410 _lUCH01 _h1632 |
||
| 590 |
_aBATCH-UPD _b10 _c20130914 _lUCH01 _h0938 |
||
| 590 |
_aCONVERSION _b10 _c20130109 _lUCH01 _h1344 |
||
| 650 | 1 | 4 |
_aHongos comestibles. _956124 |
| 700 | 0 |
_aCifuentes Blanco, Joaquín. _923270 |
|
| 700 | 0 |
_aReygadas Prado, G. Fabiola. _997038 |
|
| 810 | 0 | 0 |
_aINIFAP. División Forestal. Centro Nacional de Investigación Disciplinaria en Conservación y Mejoramiento de Ecosistemas Forestales _958714 |
| 830 | 0 |
_aPublicación especial _v; 1 _992760 |
|
| 901 | _aBK | ||
| 905 | _aLilia Sánchez G. | ||
| 942 | _cFOLL | ||
| 949 |
_aFolleto 15520 _bBC _cFOLL _d906921 _eTS1 _i90692 _sb |
||
| 999 |
_c79271 _d79271 |
||